Nové formy podpory malého a stredného podnikania diplomová práca

Saved in:
Bibliographic Details
Main Author: Hergovič, Matej
Corporate Author: Obchodná fakulta EU. Katedra služieb a cestovného ruchu - zrušené
Other Authors: Strážovská, Helena
Format: Book
Language:Slovak
Published: Bratislava 2010
Tags: Add Tag
No Tags, Be the first to tag this record!

MARC

LEADER 00000nam$a2200000$$$4500
001 0118515
005 20240318122920.1
041 0 |a slo 
044 |a SK 
245 1 0 |a Nové formy podpory malého a stredného podnikania  |b diplomová práca  |c Matej Hergovič ; škol. Helena Strážovská 
264 1 |a Bratislava  |c 2010 
300 |a 67 s. 
100 1 |a Hergovič, Matej 
700 1 |a Strážovská, Helena 
710 2 |a Obchodná fakulta EU. Katedra služieb a cestovného ruchu - zrušené